Current procedural terminology : (Record no. 41243)
[ view plain ]
| 000 -LEADER | |
|---|---|
| fixed length control field | 00962cam6a220026500 4500 |
| 001 - CONTROL NUMBER | |
| control field | qce02420487 |
| 005 - DATE AND TIME OF LATEST TRANSACTION | |
| control field | 20190813170426.0 |
| 008 - FIXED-LENGTH DATA ELEMENTS--GENERAL INFORMATION | |
| fixed length control field | 660808s1966 ilu 000 0 eng d |
| 035 ## - SYSTEM CONTROL NUMBER | |
| System control number | (Sirsi) r66160 |
| 035 ## - SYSTEM CONTROL NUMBER | |
| System control number | (QCAT)lss04932942 |
| 035 ## - SYSTEM CONTROL NUMBER | |
| System control number | (UPRA)qce02420487 |
| 040 ## - CATALOGING SOURCE | |
| Modifying agency | UPRA |
| 060 0# - NATIONAL LIBRARY OF MEDICINE CALL NUMBER | |
| Classification number | W 15 |
| Item number | A512ce 1966 |
| 110 2# - MAIN ENTRY--CORPORATE NAME | |
| Corporate name or jurisdiction name as entry element | American Medical Association. |
| Linkage | A10757.1 |
| 245 10 - TITLE STATEMENT | |
| Title | Current procedural terminology : |
| Remainder of title | Burgess L. Gordon, editor. |
| 250 ## - EDITION STATEMENT | |
| Edition statement | 1st ed. |
| 260 ## - PUBLICATION, DISTRIBUTION, ETC. | |
| Place of publication, distribution, etc. | [Chicago, |
| Date of publication, distribution, etc. | c1966] |
| 500 ## - GENERAL NOTE | |
| General note | A companion volume to Current medical terminology. |
| 650 #2 - SUBJECT ADDED ENTRY--TOPICAL TERM | |
| Topical term or geographic name entry element | Nomenclature. |
| Linkage | S19117.1 |
| 700 1# - ADDED ENTRY--PERSONAL NAME | |
| Personal name | Gordon, Burgess L. (Burgess Lee), b. 1892. |
| Fuller form of name | Gordon, Burgess L. (Burgess Lee), b. 1892. |
| Dates associated with a name | Gordon, Burgess L. (Burgess Lee), b. 1892. |
| Linkage | A26589.1 |
| 949 ## - LOCAL PROCESSING INFORMATION (OCLC) | |
| a | R123 |
| w | LC |
| i | -88452 |
| m | MEDICAL |
| t | BOOK |
| l | ON-SHELF |
| 949 ## - LOCAL PROCESSING INFORMATION (OCLC) | |
| a | R123 |
| w | LC |
| i | -88453 |
| m | MEDICAL |
| t | BOOK |
| l | ON-SHELF |
| 949 ## - LOCAL PROCESSING INFORMATION (OCLC) | |
| a | R123 |
| w | LC |
| i | -88454 |
| m | MEDICAL |
| t | BOOK |
| l | ON-SHELF |
| Withdrawn status | Lost status | Source of classification or shelving scheme | Damaged status | Not for loan | Home library | Current library | Shelving location | Total Checkouts | Full call number | Barcode | Date last seen | Copy number | Price effective from | Koha item type |
|---|---|---|---|---|---|---|---|---|---|---|---|---|---|---|
| Library of Congress Classification | Medical Library | Medical Library | On Shelf | R123 | -88452 | 08/13/2019 | 1 | 08/13/2019 | Book | |||||
| Library of Congress Classification | Medical Library | Medical Library | On Shelf | R123 | -88453 | 08/13/2019 | 2 | 08/13/2019 | Book | |||||
| Library of Congress Classification | Medical Library | Medical Library | On Shelf | R123 | -88454 | 08/13/2019 | 3 | 08/13/2019 | Book |